Slav tales

Bibliographic Details
Main Authors: Sirovátka, Oldřich, 1925-1992 (Author), Lužík, Rudolf (Author)
Corporate Author: Bienále ilustrácií Bratislava
Other Authors: Želibská, Mária, 1913-1992 (Illustrator)
Format: Conference Proceeding Book
Language:English
Czech
PhysicalDescription:194 s. 4°
Published: Praha Artia 1974
ISBN:0460058835
Subjects:

MARC

LEADER 00000nam a2200000 a 4500
001 vtls009500019
003 SK-MaSNL
005 20260302080530.0
008 240318s1974 xr a j 000 1 eng
015 |a SNBA1974 
020 |a 0460058835 
035 |a BIN002775 
040 |a SNK  |b slo  |c SNK  |e AACR2 
041 1 |a eng  |h cze 
044 |a xr  |c CZ 
080 |a 398.2(=81):885-93-343.4=20  |2 1981 
100 1 |a Sirovátka, Oldřich,  |d 1925-1992  |4 aut  |9 228766 
245 1 0 |a Slav tales  |c Oldŕich Sirovátka 
260 |a Praha  |b Artia  |c 1974 
300 |a 194 s.  |c 4° 
650 0 7 |a kombinovaná technika  |2 SNKPH  |9 410310 
655 7 |a publikácie pre deti a mládež  |2 SNKPH  |9 70541 
700 1 |a Želibská, Mária,  |d 1913-1992  |4 ill  |9 106472 
700 1 |a Lužík, Rudolf  |4 aut  |9 336577 
711 2 |a Bienále ilustrácií Bratislava  |n (5. :  |d 1975 :  |c Bratislava, Slovensko)  |9 279777 
919 |a 0-460-05883-5 
958 |a TL 
958 |a DB 
958 |a OND 
999 |c 1173468  |d 1175398 
952 |a SNK  |b SNK  |y PREZ  |7 0  |p 17A0901813  |o snkSB 20924  |i snkKIP 6611/74  |0 0  |1 0  |4 0  |d 2014-04-08  |f 1  |l 0  |r 2025-03-21 00:00:00  |w 2026-02-24